| 000 | 00365nam a2200121Ia 4500 | ||
|---|---|---|---|
| 005 | 20251028132514.0 | ||
| 008 | 251020t2016||||xx |||||||||||||| ||spa|| | ||
| 041 | _aspa | ||
| 100 | _aPalacios Vilela, Jesús Josefa | Romero Delgado, Hugo Eusebio | Ñaupas Paitán, Humberto | ||
| 245 | 0 | _aMetodología de la investigación jurídica | |
| 260 | _c2016 | ||
| 942 |
_CLB _cLB |
||
| 999 |
_c3307 _d3307 |
||